00443nam a2200145 a 4500008004100000020001800041050001600059100002900075245008300104250001200187260005000199300002200249350001100271650001500282150817s2001 ||||||||||||||||| || u a9780130176974 aQP 34.5 Sil aSilverthorn, Dee Uuglaub10aHuman physiology: an integrated approach.(2nd ed.)cby Dee Unglaub Silverthorn a2nd ed. aUnited States of AmericabPrentice Hallc2001 axxxi, 815p. :ill. a126.00 aPHYSIOLOGY